MESTSKÁ KNIŽNICA GIRALTOVCE  - online katalóg 

Kdo byl kdo ve druhé světové válce (Record no. 23292)

000 -NÁVESTIE
fixed length control field 01239cam a2200373 a 4500
001 - EVIDENČNÉ ČÍSLO ZÁZNAMU - Kontrolné číslo
control field vtls008275936
005 - DÁTUM A ČAS POSLEDNEJ TRANSAKCIE
control field 20220823091409.0
008 - ÚDAJE S PEVNOU DĹŽKOU – VŠEOBECNÉ INFORMÁCIE
fixed length control field 180406s2005 xr c g he 001 0dcze
020 ## - MEDZINÁRODNÉ ŠTANDARDNÉ ČÍSLO KNIHY (ISBN)
Medzinárodné štandardné číslo knihy (ISBN) 8086598063
Qualifying information (brož.)
035 ## - Iný štandardný identifikátor
Iný štandardný identifikátor SVKPOKN087415
040 ## - ZDROJ KATALOGIZÁCIE
Pôvodná katalogizujúca agentúra SVKPOKN
Jazyk katalogizácie slo
Prepisujúca agentúra SVKPOKN
Modifikujúca agentúra SNK
Konvencie popisu AACR2
041 1# - KÓD JAZYKA
Kód jazyka textu/zvukovej stopy alebo samostatných nápisov cze
Kód jazyka originálu a/alebo sprostredkujúcich prekladov textu eng
044 ## - KÓD KRAJINY VYDAVATEĽA/PRODUCENTA
Kód krajiny MARC xr
Kód krajiny ISO CZ
072 #7 - KÓD PREDMETOVEJ KATEGÓRIE
Kód predmetovej kategórie 929
Pododdiel kódu predmetovej kategórie Biografie
Zdroj konspekt
080 ## - ČÍSLO MEDZINÁRODNÉHO DESATINNÉHO TRIEDENIA (MDT)
Číslo Medzinárodného desatinného triedenia (MDT) 94(100)"1939/1945"
Identifikátor vydania 2001
080 ## - ČÍSLO MEDZINÁRODNÉHO DESATINNÉHO TRIEDENIA (MDT)
Číslo Medzinárodného desatinného triedenia (MDT) 929
Identifikátor vydania 2001
080 ## - ČÍSLO MEDZINÁRODNÉHO DESATINNÉHO TRIEDENIA (MDT)
Číslo Medzinárodného desatinného triedenia (MDT) (092)
Identifikátor vydania 2001
080 ## - ČÍSLO MEDZINÁRODNÉHO DESATINNÉHO TRIEDENIA (MDT)
Číslo Medzinárodného desatinného triedenia (MDT) (031)
Identifikátor vydania 2001
130 0# - HLAVNÝ VSTUP – UNIFIKOVANÝ NÁZOV
Unifikovaný názov Who's who in world war II
Jazyk diela Česky
-- 3277
245 00 - NÁZOV
Názov Kdo byl kdo ve druhé světové válce
Údaj o zodpovednosti atď. sestavil John Keegan ; [z angl. orig. přel. Lenka Libosvárská]
250 ## - ÚDAJ O PORADÍ VYDANIA
Údaj o poradí vydania 2. dopl. vyd., dot.
260 ## - VYDAVATEĽSKÉ ÚDAJE, DISTRIBÚCIA ATĎ.
Miesto publikovania, distribúcie atď. Brno
Názov vydavateľa, distibútora atď. Barrister & Principal
Dátum publikovania, distribúcie atď. 2005
300 ## - FYZICKÝ POPIS
Rozsah 297 s.
Ďalšie fyzické detaily portr.
Rozmery 25 cm
490 1# - EDÍCIA
Edícia Encyklopedie
500 ## - VŠEOBECNÁ POZNÁMKA
Formátovaná poznámka o obsahu 2. vyd. v r. 2002
650 07 - PRIDANÝ VSTUP – PREDMET – TEMATICKÉ HESLO
Tematické heslo alebo geografický názov ako vstupný prvok druhá svetová vojna (1939-1945)
Zdroj hesla alebo termínu SNKPH
-- 1735
650 07 - PRIDANÝ VSTUP – PREDMET – TEMATICKÉ HESLO
Tematické heslo alebo geografický názov ako vstupný prvok World War (1939-1945)
Zdroj hesla alebo termínu SNKPHeng
-- 1740
655 #7 - INDEXAČNÝ TERMÍN – ŽÁNER/FORMA
Údaje o žánri/forme alebo termín, ktorý je prvok fazety biografie
Zdroj termínu SNKPH
-- 1756
655 #7 - INDEXAČNÝ TERMÍN – ŽÁNER/FORMA
Údaje o žánri/forme alebo termín, ktorý je prvok fazety encyklopédie
Zdroj termínu SNKPH
-- 1494
655 #7 - INDEXAČNÝ TERMÍN – ŽÁNER/FORMA
Údaje o žánri/forme alebo termín, ktorý je prvok fazety Biography
Zdroj termínu SNKPHeng
-- 1759
655 #7 - INDEXAČNÝ TERMÍN – ŽÁNER/FORMA
Údaje o žánri/forme alebo termín, ktorý je prvok fazety Dictionaries
Zdroj termínu SNKPHeng
-- 3278
700 1# - PRIDANÝ VSTUP – OSOBNÉ MENO
Osobné meno Keegan, John,
Dátumy súvisiace s menom 1934-
Kód roly com
-- 3279
700 1# - PRIDANÝ VSTUP – OSOBNÉ MENO
Osobné meno Libosvárská, Lenka
Kód roly trl
-- 3280
Holdings
Stav stiahnutia (Blokovanie) (Withrawn status) Stav straty Zdroj klasifikácie pre skladovanie Stav poškodenia (Damaged status) Nie pre výpožičky (Not for loan) Spôsob nadobudnutia (Collection code) Trvalé umiestnenie Aktuálne umiestnenie Dátum nadobudnutia Inventárne číslo (prírastkové číslo) Celkom výpožičky Full call number Čiarový kód Dátum posledného výskytu Dátum poslednej výpôžičky Cena s účinnosťou od Typ jednotky Koha
          Dar Mestská knižnica Giraltovce Mestská knižnica Giraltovce 2022-08-23 21625 3 S1529 S1529 2025-03-18 2025-02-28 2022-08-23 Odborná literatúra pre dospelých

Powered by Koha